| 000 | 00371nam a22001457a 4500 | ||
|---|---|---|---|
| 003 | OSt | ||
| 008 | 250702b |||||||| |||| 00| 0 eng d | ||
| 020 | _a9788171640836 | ||
| 082 |
_a634.651 _bR16P |
||
| 100 | _aDr. Mansha Ram | ||
| 245 | _aपपीते की सफल बागवानी | ||
| 260 |
_aNew Delhi _bICAR _c2016 |
||
| 300 | _avi,84p | ||
| 942 |
_2ddc _cBK |
||
| 999 |
_c48324 _d48324 |
||